Les abréviations des pays du monde - Statistiques

Statistiques générales
  • Ce quiz a été pris 130 fois
    119 depuis la dernière actualisation
  • Le résultat moyen est 43 sur 196
Statistiques - réponses
Pays Abréviations % Correct
Albanie AL
70%
Afghanistan AF
68%
France FR
58%
Brésil BR
55%
Argentine AR
54%
Australie AU
54%
Allemagne DE
52%
Belgique BE
51%
Azerbaïdjan AZ
49%
Bolivie BO
48%
Burkina Faso BF
44%
Gabon GA
43%
Andorre AD
42%
Géorgie GE
40%
Bulgarie BG
39%
Canada CA
39%
Gambie GM
39%
Gréce GR
39%
Bahreïn BH
38%
Espagne ES
38%
Burundi BI
37%
Belize BZ
37%
Inde IN
37%
Italie IT
37%
Arménie AM
36%
Autriche AT
36%
Finlande FI
36%
Etats-Unis US
36%
Bhoutan BT
35%
Botswana BW
35%
Cap-vert CV
35%
Egypte EG
35%
Hong-Kong HK
35%
Bahamas BS
33%
Cameroun CM
33%
Chine CN
33%
Ghana GH
33%
Gibraltar GI
33%
Iran IR
33%
Islande IS
33%
Chili CL
32%
Cuba CU
32%
Djibouti DJ
31%
Guatemala GT
31%
Japon JP
31%
Luxembourg LU
31%
Barbade BB
30%
Colombie CO
30%
Grenade GD
30%
Haïti HT
30%
Jordanie JO
30%
Bangladesh BD
29%
Brunéi BN
29%
Danemark DK
29%
Guinée GN
29%
Guyana GY
29%
Indonésie ID
29%
Kenya KE
29%
Laos LA
29%
Liban LB
29%
Costa Rica CR
27%
Erythrée ER
27%
Ethiopie ET
27%
Fidji FJ
27%
Kiribati KI
27%
Koweït KW
27%
Kazakhstan KZ
27%
Maroc MA
27%
Côte d'Ivoire CI
26%
Iraq IQ
26%
Malte MT
26%
Mexique MX
26%
Namibie NA
26%
Dominique DM
25%
Kirghizistan KG
25%
Lesotho LS
25%
Nouvelle-Zélande NZ
25%
Oman OM
25%
Angola AO
24%
Chypre CY
24%
Jamaïque JM
24%
Liechtenstein LI
24%
Lituanie LT
24%
Monaco MC
24%
Mali ML
24%
Malawi MW
24%
Mozambique MZ
24%
Norvège NO
24%
Népal NP
24%
Nauru NR
24%
Portugal PT
24%
Qatar QA
24%
Honduras HN
23%
Libye LY
23%
Madagascar MG
23%
Maldives MV
23%
Nicaragua NI
23%
Pérou PE
23%
Philippines PH
23%
Centrafrique CF
21%
Israël IL
21%
Moldavie MD
21%
Pologne PL
21%
Roumanie RO
21%
Russie RU
21%
Guinée Equatoriale GQ
20%
Panama PA
20%
Pakistan PK
20%
Porto Rico PR
20%
Rwanda RW
20%
Antigua-et-Barbuda AG
19%
Libéria LR
19%
Niger NE
19%
Nigéria NG
19%
Paraguay PY
19%
République Dominicaine DO
18%
Algérie DZ
18%
Irlande IE
18%
Maurice MU
18%
Equateur EC
17%
Iles Marshall MH
17%
Mauritanie MR
17%
Arabie Saoudite SA
17%
Sénégal SN
17%
Afrique du Sud ZA
17%
Estonie EE
15%
Iles Féroé FO
15%
Birmanie (Myanmar) MM
15%
Papouasie-Nouvelle-Guinée PG
15%
Sierra Leone SL
15%
Saint-Marin SM
15%
Somalie SO
15%
Sao Tomé-et-Principe ST
15%
Mongolie MN
14%
Royaume-Uni GB
13%
Hongrie HU
13%
Lettonie LV
13%
Singapour SG
13%
El Salvador SV
13%
Syrie SY
13%
Thaïlande TH
13%
Ukraine UA
13%
Yémen YE
13%
Zambie ZM
13%
République du Congo CG
12%
République Tchéque CZ
12%
Seychelles SC
12%
Soudan SD
12%
Suède SE
12%
Togo TG
12%
Tunisie TN
12%
Uruguay UY
12%
Cité du Vatican VA
12%
Venezuela VE
12%
Zimbabwe ZW
12%
Suriname SR
11%
Viet Nam VN
11%
Suisse CH
10%
Pays-Bas NL
10%
Timor-Leste TL
10%
Tonga TO
10%
Turquie TR
10%
Tuvalu TV
10%
Tanzanie TZ
10%
Vanuatu VU
10%
Malaisie MY
8%
Swaziland SZ
8%
Tchad TD
8%
Tadjikistan TJ
8%
Turkménistan TM
8%
Trinité-et-Tobago TT
8%
Taïwan TW
8%
Ouganda UG
8%
Ouzbékistan UZ
8%
Bosnie-Herzégovine BA
7%
Saint-Kitts-et-Nevis KN
7%
Slovaquie SK
6%
Emirats Arabes Unis AE
5%
République Démocratique du Congo CD
5%
Slovénie SI
5%
Micronésie FM
4%
Croatie HR
4%
Sainte-Lucie LC
4%
Bénin BJ
2%
Bélarus BY
2%
Cambodge KH
2%
Macédoine MK
2%
Saint-Vincent-et-les Grenadines VC
2%
Corée du Sud KR
1%
Guinée-Bissau GW
0%
Comores KM
0%
Corée du Nord KP
0%
Sri Lanka LK
0%
Palaos PW
0%
Iles Salomon SB
0%
Samoa WS
0%
Aucun quiz correspondant
Distribution des résultats
% des personnes avec chaque résultat
Percentile par nombre de réponses
Votre historique - résultats
Vous n’avez pas pris ce quiz depuis la dernière actualisation